000 00751cab a2200229 4500
001 WB2719-43
008 090401t1991 xxu||||| |||| 00| 0 eng d
035 _a(Sirsi) u74184
041 _aeng
245 _aAppeal for new design rules
260 _c1991
350 _a0
490 _aEstates Gazette
_v(9118) 11 May 1991, 84
490 _aEstates Times
_v(1095) 10 May 1991, 3
490 _aArchitects` Journal
_v193(20) 15 May 1991, 9(2)
520 _aThe RIBA and the RTPI have published a joint submission to the DoE on the role of design in the planning process to update Planning Policy Guidance Note 1 .
650 _aAESTHETIC CONTROL
650 _aPPG1
690 _aPLANNING LAW AND PRACTICE
942 _n0
948 _c04/03/1997
999 _c46827
_d46827